Kế toán quản lý

محفوظ في:
التفاصيل البيبلوغرافية
المؤلف الرئيسي: Hùng Mạnh
التنسيق: كتاب
اللغة:Undetermined
منشور في: Hà Nội Thống kê 1998
الموضوعات:
الوسوم: إضافة وسم
لا توجد وسوم, كن أول من يضع وسما على هذه التسجيلة!
Thư viện lưu trữ: Trung tâm Học liệu Trường Đại học Cần Thơ
LEADER 00469nam a2200169Ia 4500
001 CTU_27618
008 210402s9999 xx 000 0 und d
082 |a 657.9 
082 |b H513 
100 |a Hùng Mạnh 
245 0 |a Kế toán quản lý 
245 0 |c Hùng Mạnh 
260 |a Hà Nội 
260 |b Thống kê 
260 |c 1998 
650 |a managerial accounting,managerial economics 
980 |a Trung tâm Học liệu Trường Đại học Cần Thơ